Générique Belle et Sébastien - Paroles - Statistiques

Statistiques générales
  • Ce quiz a été pris 41 fois
  • Le résultat moyen est 16 sur 26
Statistiques - réponses
Paroles % Correct
Belle et {Sébastien}
89%
C'est une histoire d'{amour}
86%
Belle et {Sébastien}
80%
Un enfant et son {chien}
80%
Avec Belle et {Sébastien}
77%
Qu'un souvenir d'{enfant}
77%
C'est une histoire d'{amour}
74%
Du meilleur ami de l'{homme}
74%
Oui, c'est encore {mieux}
74%
Oui, ca va plus {loin}
71%
Oui, ca va plus {loin}
66%
Oui, c'est encore {mieux}
63%
Que le bonheur du {jour}
63%
Qu'un souvenir d'{enfant}
63%
C'est banal, c'est presque {rien}
60%
Dans l'univers des {grands}
57%
Mais la {vie} tourne bien
57%
Que le bonheur du {jour}
57%
Dans l'univers des {grands}
54%
C'est un coin de {bleu}
51%
C'est un coin de {bleu}
49%
C'est comme un {poème}
40%
La toison de {laine}
31%
L'enfant qui {caresse}
29%
Vieux comme le {temps}
26%
Un poème qui se {nomme}
17%
Aucun quiz correspondant
Distribution des résultats
% des personnes avec chaque résultat
Percentile par nombre de réponses
Votre historique - résultats
Vous n’avez pas pris ce quiz